000 00431nam a22001577a 4500
005 20260421154700.0
008 260421b |||||||| |||| 00| 0 eng d
020 _a0816402787
050 _aBT32.5
_b.T93
100 _aBernard Tyrrell
245 _aChristotherapy
_bHealing through enlightenment
260 _aNew York
_bThe seabury prress
_cc1975
300 _axvii,204p,
700 _aBernard Tyrrell
_eAuthor
942 _2lcc
_cBK
_n0
999 _c9371
_d9371